01103nam a2200217 i 4500001000700000003000900007005001700016008004100033080001600074100004000090245016700130260007600297300003800373490007500411650007500486710007300561830008300634852002400717999001900741952012500760181756ES-MaACL20250809163921.0130325s1924 sp |||| | spa d a903(460.27)1 aPérez de Barradas, José.99076610aYacimientos paleolíticos del valle del Manzanares (Madrid) b: memoria que... de los trabajos realizados en 1922-23 / cpresenta Don José Pérez de Barradas. aMadrid : b[s.n.], c1924 (fTip. de la "Rev.de Arch., Bibl. y Museos") a19 p., VI lám. pleg. ; c24 cm.1 aJunta Superior de Excavaciones y Antigüedades ; vn. 60 = 7, 1922-23 7aExcavaciones arqueológicas-zMadrid (Comunidad Autónoma)291412532 aEspaña. bJunta Superior de Excavaciones y Antigüedades.91524630 aJunta Superior de Excavaciones y Antigüedades ; vn. 60 = 7, 1922-239191570 aES-MaACLjE-3372(7) c181756d181756 00104070aATENEOMbATENEOMcDEPO2d2013-03-25eDONl0oE-3372(7)p1191006r2023-02-23 00:00:00w2023-02-23yMONOGRAFIA